000
00221 a2200097 4500
001
45259
100
_a
Hazell W
245
_a
Understanding aero engines
260
_a
London
_b
English unv press
_c
090
_c
28448
_d
28448
942
_a
NUST-CAE
_c
M
_c
20500
999
_c
280332
_d
280332